000 00667nam a2200181 i 4500
001 43420
003 ES-MaACL
005 20230906160804.0
007 t|
008 030317s1859 sp c |||| | spa d
080 _a0172(46.41)
110 2 _aEscuela Superior de Ingenieros de Caminos Canales y Puertos.
_93599
245 1 0 _aCatálogo de la Biblioteca de la Escuela Superior de Ingenieros de Caminos Canales y Puertos.
_n1.
260 _aMadrid :
_b[s.n.],
_c1859 (
_fImp. Nacional)
300 _a1 v. (560 p.) ;
_c24 cm.
610 2 4 _aEscuela Superior de Ingenieros de Caminos, Canales y Puertos.
_bBiblioteca-
_vCatálogos .
_9170633
852 _aES-MaACL
_jD-2226
999 _c43420
_d43420